Logo BPK

Biblioteka

Politechniki Koszalińskiej

Metody modelowania i wyszukiwania informacji w obiektywnych bazach danych / (Rekord nr 30008)

Szczegóły MARC
000 -ETYKIETA REKORDU
podpole kontrolne o stałej długości 00672nam a2200205 i 4500
001 - NUMER KONTROLNY REKORDU
pole kontrolne bg
040 ## - ŹRÓDŁO KATALOGOWANIA
Instytucja, która utworzyła rekord BPK
041 ## - KOD JĘZYKA
Kod języka tekstu pol
080 ## - UNIWERSALNA KLASYFIKACJA DZIESIĘTNA - UKD
UKD 519.683.5:510.6:512
008 - POLE O STAŁEJ DŁUGOŚCI - DANE KONTROLNE
podpole kontrolne o stałej długości s pl f |000 0 pol
100 1# - NAZWA OSOBOWA
Nazwa osobowa PANKOWSKI, Tadeusz
245 #0 - TYTUŁ/ODPOWIEDZIALNOŚĆ
Tytuł Metody modelowania i wyszukiwania informacji w obiektywnych bazach danych /
Pozostałe elementy strefy tytułu i oznaczenia odpowiedzialności Tadeusz Pankowski.
260 ## - STREFA ADRESU WYDAWNICZEGO
Miejsce wydania Poznań :
Nazwa wydawcy/dystrybutora Wydaw. PP,
Data publikacji, dystrybucji/powstania dokumentu 1993.
300 ## - STREFA OPISU FIZYCZNEGO
Objętość 168 s. :
Inne cechy fizyczne rys. ;
Rozmiary 24 cm.
490 1# - STREFA SERII I DOKUMENTU WIELOCZĘŚCIOWEGO - FORMA NIE DO WYSZUKIWANIA
Tytuł i oznaczenie odpowiedzialności serii Rozprawy / Politechnika Poznańska,
ISSN 0551-6528 ;
Numeracja w obrębie serii nr 280
504 ## - UWAGA DOTYCZĄCA BIBLIOGRAFII
Informacje o bibliografii Bibiogr. s. 160-166.
710 ## - HASŁO DODATKOWE - NAZWA CIAŁA ZBIOROWEGO
Nazwa ciała zbiorowego lub jednostki geograficznej POLITECHNIKA POZNAŃSKA (Poznań)
830 #0 - HASŁO DODATKOWE SERII LUB DOKUMENTU WIELOCZĘŚCIOWEGO - TYTUŁ UJEDNOLICONY
Tytuł ujednolicony Rozprawy (Politechnika Poznańska) ;
Oznaczenie tomu nr 280
856 ## - LOKALIZACJA I DOSTĘP DO ELEKTRONICZNYCH DOKUMENTÓW ZDALNYCH
Link (URL) http://koha.tu.koszalin.pl/cgi-bin/koha/opac-detail.pl?biblionumber=30008
Tekst linku Katalog online BPK
942 ## - DODATKOWE ELEMENTY (KOHA)
Typ dokumentu Książka
Egzemplarze
Wycofany Status egzemplarza Uszkodzony Dostępność Lokalizacja stała Lokalizacja bieżąca Miejsce przechowywania Sygnatura Kod kreskowy Typ dokumentu
      Dostępny Biblioteka Politechniki Koszalińskiej Biblioteka Politechniki Koszalińskiej Wypożyczalnia BG 36534 01161847 Książka
© 2023 Biblioteka Politechniki Koszalińskiej :: KOHA